| 000 | 00573nam a2200205Ia 4500 | ||
|---|---|---|---|
| 005 | 20250508170102.0 | ||
| 008 | 008 250505s9999 xx 000 0 eng d | ||
| 037 | _aTextBook | ||
| 040 |
_aFEDL _beng _cFEDL |
||
| 041 |
_aeng _2eng |
||
| 084 |
_a370.15, BIE/R _qFEDL |
||
| 100 |
_aBiehler Robert F _9782965 |
||
| 245 | 0 | _apsycholoy applied to teaching | |
| 250 | _a7 | ||
| 260 |
_aBoston, USA _bHoughton Mifflin Company _c1993 |
||
| 300 | _axxiv, 702p. | ||
| 700 |
_a Snowman Jack _9782966 |
||
| 942 |
_cTB _h370.15, BIE/R |
||
| 999 |
_c1399140 _d1399140 |
||